00258nam a2200109Ia 4500008004100000100003300041245002200074260001000096260002400106260000900130300000900139090707b ii f a fnsan d aBedi, Sohinder Singh Wanjara aMadhkali Kav-Bodh aDelhi bPunjabi Sahit Sabha c1987 a92p.